[Event "Sharjah op blitz"]
[Site "Sharjah"]
[Date "2014.07.09"]
[Round "1"]
[White "Mira, Sarhan"]
[Black "Njili, Kamel"]
[Result "0-1"]
[WhiteElo "1318"]
[BlackElo "2364"]
[PlyCount "84"]
[EventDate "2014.07.09"]
[EventType "swiss (blitz)"]
[EventRounds "9"]
[EventCountry "UAE"]
[SourceTitle "EXT 2016"]
[Source "ChessBase"]
[SourceDate "2015.10.08"]
[SourceVersion "1"]
[SourceVersionDate "2015.10.08"]
[SourceQuality "1"]

1. d4 Nf6 2. Nf3 e6 3. e3 c5 4. b3 cxd4 5. exd4 d6 6. Bb2 b6 7. Bd3 Bb7 8. Nbd2 Nbd7 9. 0-0 Be7 10. c4 0-0 11. Rc1 Rc8 12. Re1 Re8 13. Ne4 Nxe4 14. Bxe4 Bxe4 15. Rxe4 d5 16. cxd5 Nf6 17. Re1 Qxd5 18. Qd3 Bb4 19. Red1 b5 20. a3 Bd6 21. b4 Bf4 22. Rxc8 Rxc8 23. g3 Bd6 24. Re1 Qc4 25. Qxc4 bxc4 26. Rc1 Nd5 27. Nd2 c3 28. Bxc3 Rxc3 29. Rxc3 Nxc3 30. Nc4 Bc7 31. Kg2 f5 32. f4 Kf7 33. Kf3 Ke7 34. Ke3 Kd7 35. Kd3 Nd5 36. Ne5+ Bxe5 37. dxe5 Kc6 38. Kc4 Nb6+ 39. Kc3 Kb5 40. Kb3 Na4 41. Kc2 Kc4 42. Kd2 a6 0-1

[Event "Varna op U16"]
[Site "Varna"]
[Date "2013.06.29"]
[Round "5"]
[White "Georgiev, Todor"]
[Black "Mira, Sarhan"]
[Result "1-0"]
[WhiteElo "1837"]
[BlackElo "1291"]
[PlyCount "53"]
[EventDate "2013.06.24"]
[EventType "swiss"]
[EventRounds "9"]
[EventCountry "BUL"]
[SourceTitle "EXT 2014"]
[Source "ChessBase"]
[SourceDate "2013.11.20"]
[SourceVersion "1"]
[SourceVersionDate "2013.11.20"]
[SourceQuality "1"]

1. d4 d5 2. c4 c6 3. Nc3 Nf6 4. Nf3 g6 5. Bf4 Bg7 6. h3 0-0 7. e3 Bf5 8. Rc1 Nbd7 9. cxd5 Nxd5 10. Nxd5 cxd5 11. Be2 Qa5+ 12. Qd2 Qxd2+ 13. Kxd2 Rac8 14. Rhd1 Rfe8 15. g4 Be6 16. Ng5 Nf8 17. Nxe6 Nxe6 18. Bh2 Ng5 19. h4 Ne4+ 20. Ke1 Nf6 21. f3 Nd7 22. Bb5 Red8 23. Rxc8 Rxc8 24. Bxd7 Rc2 25. Rd2 Rc1+ 26. Ke2 Rc7 27. Bxc7 1-0

[Event "Varna op U16"]
[Site "Varna"]
[Date "2013.06.28"]
[Round "4"]
[White "Mira, Sarhan"]
[Black "Dereshki, Dario"]
[Result "0-1"]
[WhiteElo "1291"]
[BlackElo "1975"]
[PlyCount "54"]
[EventDate "2013.06.24"]
[EventType "swiss"]
[EventRounds "9"]
[EventCountry "BUL"]
[SourceTitle "EXT 2014"]
[Source "ChessBase"]
[SourceDate "2013.11.20"]
[SourceVersion "1"]
[SourceVersionDate "2013.11.20"]
[SourceQuality "1"]

1. d4 Nf6 2. Nf3 g6 3. e3 Bg7 4. Bd3 0-0 5. Nbd2 d5 6. b3 c5 7. Bb2 Nc6 8. a3 b6 9. 0-0 Bb7 10. Ne5 Nd7 11. f4 Ndxe5 12. fxe5 f6 13. exf6 Bxf6 14. Nf3 Qc7 15. Qe2 e5 16. dxe5 Nxe5 17. Nxe5 Bxe5 18. Bxe5 Qxe5 19. a4 Rfe8 20. Rae1 Re7 21. Qd2 Qg5 22. Rf3 d4 23. Rg3 Qh6 24. Rh3 Qg5 25. Rg3 Qe5 26. Bc4+ Kh8 27. exd4 Qxe1+ 0-1

[Event "Wch U16 Girls"]
[Site "Al Ain"]
[Date "2013.??.??"]
[Round "6"]
[White "Mira, Sarhan"]
[Black "Ait Abbes, Nesrine"]
[Result "0-1"]
[WhiteElo "1312"]
[BlackElo "1444"]
[PlyCount "50"]
[EventDate "2013.12.18"]
[EventType "swiss"]
[EventRounds "11"]
[EventCountry "UAE"]
[SourceTitle "CBM 158 Extra"]
[Source "ChessBase"]
[SourceDate "2014.02.28"]
[SourceVersion "1"]
[SourceVersionDate "2014.02.28"]
[SourceQuality "1"]

1. d4 Nf6 2. Nf3 e6 3. e3 Bb4+ 4. Nbd2 d5 5. Bd3 0-0 6. b3 Nbd7 7. Bb2 Be7 8. 0-0 c5 9. Ne5 Qc7 10. f4 a6 11. Qf3 b5 12. dxc5 Bxc5 13. Qh3 h6 14. Nxd7 Nxd7 15. Rf3 e5 16. Rg3 Qd6 17. Qf5 g6 18. Qh5 Bxe3+ 19. Kh1 Bxf4 20. Rg4 Bxd2 21. Rd1 Be3 22. Rg3 d4 23. Bc1 Bxc1 24. Rxc1 Kg7 25. Rf1 g5 0-1

[Event "Wch U16 Girls"]
[Site "Al Ain"]
[Date "2013.??.??"]
[Round "4"]
[White "Mira, Sarhan"]
[Black "Fisher, Michelle M"]
[Result "1/2-1/2"]
[WhiteElo "1312"]
[BlackElo "1627"]
[PlyCount "92"]
[EventDate "2013.12.18"]
[EventType "swiss"]
[EventRounds "11"]
[EventCountry "UAE"]
[SourceTitle "CBM 158 Extra"]
[Source "ChessBase"]
[SourceDate "2014.02.28"]
[SourceVersion "1"]
[SourceVersionDate "2014.02.28"]
[SourceQuality "1"]

1. d4 Nf6 2. Nf3 g6 3. e3 Bg7 4. Bd3 0-0 5. b3 d5 6. Nbd2 Nbd7 7. Bb2 c5 8. 0-0 cxd4 9. exd4 Re8 10. Re1 Qc7 11. Ne5 Nxe5 12. dxe5 Ng4 13. Nf3 f6 14. exf6 Nxf6 15. Bb5 Rd8 16. Qe2 e6 17. Ng5 Ng4 18. Qxg4 Bxb2 19. Rab1 Qxc2 20. Qe2 Qxe2 21. Rxe2 Bc3 22. Nxe6 Bxe6 23. Rxe6 d4 24. Rd1 a6 25. Bc4 b5 26. Bd3 Kf7 27. Rc6 Re8 28. Rc7+ Re7 29. Rxe7+ Kxe7 30. g3 Kd6 31. Kg2 Rf8 32. h3 Kc5 33. Rc1 Kb4 34. Rc2 h6 35. Re2 Rf6 36. a4 bxa4 37. bxa4 Kxa4 38. Ra2+ Kb3 39. Rxa6 Rxa6 40. Bxa6 Kc2 41. Bb7 Bb4 42. Be4+ d3 43. Bxg6 Kc3 44. Bxd3 Kxd3 45. Kf3 Kd4 46. Kg4 Be1 1/2-1/2

[Event "Wch U16 Girls"]
[Site "Al Ain"]
[Date "2013.??.??"]
[Round "9"]
[White "Solis Carbajal, Minueth Si"]
[Black "Mira, Sarhan"]
[Result "0-1"]
[WhiteElo "1602"]
[BlackElo "1312"]
[PlyCount "120"]
[EventDate "2013.12.18"]
[EventType "swiss"]
[EventRounds "11"]
[EventCountry "UAE"]
[SourceTitle "CBM 158 Extra"]
[Source "ChessBase"]
[SourceDate "2014.02.28"]
[SourceVersion "1"]
[SourceVersionDate "2014.02.28"]
[SourceQuality "1"]

1. e4 d5 2. exd5 Qxd5 3. Nc3 Qa5 4. Nf3 Nf6 5. Bc4 c6 6. 0-0 Bf5 7. d3 e6 8. Re1 Nbd7 9. Nh4 Bg6 10. Bd2 Qc7 11. a3 Bd6 12. d4 Bxh2+ 13. Kf1 Bd6 14. Qf3 Nd5 15. Bg5 N7b6 16. Bxd5 cxd5 17. Rac1 Rc8 18. Qh3 0-0 19. Nxg6 hxg6 20. Kg1 Qd7 21. g3 Rfe8 22. Kg2 f6 23. Be3 Kf7 24. Rh1 Qd8 25. Qg4 a6 26. Ne2 f5 27. Qf3 Rh8 28. g4 Nc4 29. gxf5 Nxe3+ 30. Qxe3 gxf5 31. Rxh8 Qxh8 32. Rh1 Qg8 33. Qb3 Rb8 34. Qf3 g6 35. Qb3 a5 36. Nc1 Qg7 37. Qe3 Rh8 38. Rg1 Qh6 39. Qxh6 Rxh6 40. Nd3 Rh4 41. Rh1 Rxh1 42. Kxh1 g5 43. b4 Ke7 44. Kg2 Bc7 45. c3 b5 46. Nc5 axb4 47. cxb4 Bf4 48. a4 bxa4 49. Nxa4 e5 50. Nb6 exd4 51. Nxd5+ Kd6 52. Nxf4 gxf4 53. Kf3 d3 54. Kxf4 d2 55. Kxf5 d1Q 56. f4 Qd3+ 57. Kg5 Qb5+ 58. f5 Qxb4 59. Kg6 Qb7 60. f6 Ke6 0-1